Some tools for functional data analysis.

Multivariačná analýza dát umožňuje štúdium pozorovaní, ktoré sú vyjadrené konečnými množinami čísiel, ale moderná analýza niekedy dostáva výsledky, vyjadrené funkciami. Článok ukazuje, ako sa môže teória L-splajnov využiť pri lineárnom modelovaní.

Salvato in:
Dettagli Bibliografici
Autore principale: Ramsay, J.O
Altri autori: Dalzell, C.J
Natura: Capitolo di libro
Lingua:inglese
Soggetti:
Tags: Aggiungi Tag
Nessun Tag, puoi essere il primo ad aggiungerne!!

MARC

LEADER 00000naa a2200000 4500
001 r005080
005 20221213085131.6
041 0 |a eng 
044 |a GB 
245 1 0 |a Some tools for functional data analysis.  |c J.O. Ramsay, C.J. Dalzell 
520 |a Multivariačná analýza dát umožňuje štúdium pozorovaní, ktoré sú vyjadrené konečnými množinami čísiel, ale moderná analýza niekedy dostáva výsledky, vyjadrené funkciami. Článok ukazuje, ako sa môže teória L-splajnov využiť pri lineárnom modelovaní. 
610 2 0 |a analýza štatistická 
610 2 0 |a metódy matematicko-štatistické 
610 2 0 |a modelovanie lineárne 
100 1 |a Ramsay, J.O. 
700 1 |a Dalzell, C.J.